đŸŽ¶ Paroles "Au parc Monceau" Yves Duteil - Statistiques

Statistiques générales
  • Ce quiz a Ă©tĂ© pris 12 fois
  • Le rĂ©sultat moyen est 199 sur 224
Statistiques - réponses
Mots % Correct
Ă 
100%
a
100%
ai
100%
Au
100%
d'
100%
dans
100%
de
100%
des
100%
en
100%
enfants
100%
Entre
100%
et
100%
J'
100%
j'
100%
l'
100%
Le
100%
le
100%
les
100%
Les
100%
m'
100%
Ma
100%
ma
100%
mon
100%
Monceau
100%
On
100%
par
100%
Parc
100%
parc
100%
sa
100%
un
100%
Un
100%
abri
91%
autre
91%
cƓur...
91%
du
91%
eau
91%
enfance
91%
fil
91%
jour
91%
La
91%
la
91%
monde
91%
nos
91%
oiseaux
91%
ont
91%
OĂč
91%
Petit
91%
Pour
91%
Quand
91%
sages
91%
ses
91%
ans
82%
arceaux
82%
attendait
82%
baiser
82%
bancs
82%
Bien
82%
bon
82%
bout
82%
comme
82%
cours
82%
Elle
82%
entend
82%
France
82%
grilles
82%
hasard...
82%
histoire
82%
main
82%
mémoire
82%
morceau
82%
Nous
82%
peu
82%
Premier
82%
PrĂšs
82%
pris
82%
retourne
82%
roseaux
82%
seize
82%
son
82%
Sur
82%
trouvé
82%
y
82%
adolescence
73%
avaient
73%
balançoires
73%
cerceaux
73%
chance
73%
cygnes
73%
dire
73%
dos
73%
dos...
73%
envie
73%
Était
73%
fait
73%
fleurs
73%
folle
73%
heure
73%
lac
73%
mille
73%
monsieur
73%
mot
73%
noirs
73%
oublier
73%
passants
73%
peur
73%
piailler
73%
posée
73%
pyramide
73%
Rotonde...
73%
sans
73%
square
73%
une
73%
vieux
73%
allée
64%
avait
64%
berceau
64%
bonheur
64%
cachée
64%
cadeau
64%
contre
64%
Dissimulés
64%
espoir
64%
landaus
64%
métro
64%
moineaux
64%
noire
64%
ville
64%
gardes
45%
Aucun quiz correspondant
Distribution des résultats
% des personnes avec chaque résultat
Percentile par nombre de réponses
Votre historique - résultats
Vous n’avez pas pris ce quiz